Statistiques concernant Les Circuits Mario Kart Wii

Cliquez ici pour prendre le quiz!

Statistiques générales

  • Ce quiz a été pris 1 062 fois
    (1 053 depuis la dernière actualisation)
  • Le résultat moyen est 20 sur 32

Statistiques - réponses

HintRéponse% Correct
Coupe spécialeRoute Arc-en-ciel
90%
Coupe éclairChâteau de Bowser
88%
Coupe spécialeChâteau de Bowser
88%
Coupe feuilleChâteau de Bowser
88%
Coupe éclairCircuit Mario
87%
Coupe feuilleCircuit Mario
87%
Coupe fleurCircuit Mario
87%
Coupe champignonCircuit Luigi
84%
Coupe fleurSupermarché Coco
76%
Coupe champignonGorge Champignon
73%
Coupe champignonUsine Toad
73%
Coupe champignonPrairie Meuh Meuh
72%
Coupe fleurMine Wario
69%
Coupe étoileBois Vermeil
67%
Coupe étoileCircuit Daisy
65%
Coupe étoileCap Koopa
62%
Coupe éclairMontagne DK
62%
Coupe étoileVolcan Grondant
61%
Coupe fleurPic DK
58%
Coupe bananeStade Waluigi
55%
Coupe éclairJardin Peach
53%
Coupe bananeQuartier Delfino
52%
Coupe spécialeRoute Clair de Lune
52%
Coupe carapaceCascades Yoshi
51%
Coupe feuilleJungle DK
51%
Coupe carapacePlage Peach
51%
Coupe spécialeRuines sec sec
47%
Coupe bananePlage Maskass
46%
Coupe bananeRoyaume Sorbet
39%
Coupe carapaceVallée Fantôme
39%
Coupe carapaceAutodrome Mario
38%
Coupe feuilleDésert du Soleil
32%

Distribution des résultats

Percentile par nombre de réponses

% des personnes avec chaque résultat

Votre développement - résultats

Vous n’avez pas pris ce quiz depuis la dernière actualisation